|
|
|
|
| LEADER |
00943pam a22002538a 4500 |
| 001 |
00044967 |
| 005 |
20191017111018.0 |
| 008 |
131216s2013 ||||||viesd |
| 020 |
# |
# |
|c 139000
|a 978 604 65 3491 4
|
| 041 |
0 |
# |
|a vie
|
| 082 |
1 |
4 |
|a 650.1
|b D104U
|
| 100 |
0 |
# |
|a C. Maxwell, John
|
| 242 |
# |
# |
|a Put your dream to the test
|
| 245 |
0 |
0 |
|c John C. Maxwell; Tùng Linh; Thu Thủy (Dịch)
|a Dám ước mơ, biết thực hiện
|b 10 câu hỏi giúp bạn hiểu rõ và biến ước mơ thành hiện thực
|
| 250 |
# |
# |
|a tái bản
|
| 260 |
# |
# |
|a Hà Nội
|b Lao động - Cty sách alpha
|c 2018
|
| 300 |
# |
# |
|a 372 tr.
|c 21 cm
|
| 653 |
# |
# |
|a Cuộc sống
|
| 653 |
# |
# |
|a Thành công
|
| 700 |
# |
# |
|e dịch
|a Tùng Linh
|
| 700 |
1 |
# |
|a Thu Thủy (Dịch)
|e (Dịch)
|
| 852 |
# |
# |
|j KD.0026574
|
| 910 |
# |
# |
|d 17/10/2019
|
| 980 |
# |
# |
|a Trung tâm Học liệu Lê Vũ Hùng, Trường Đại học Đồng Tháp
|